| 000 | 01314cam a2200349 a 4500 | ||
|---|---|---|---|
| 001 | 3988271 | ||
| 003 | OSt | ||
| 005 | 20210216193404.0 | ||
| 008 | 950516s1995 enka b 001 0 eng d | ||
| 010 | _a 95171090 | ||
| 020 | _a0340595310 | ||
| 035 | _a(OCoLC)32486056 | ||
| 040 |
_aGU _cGU _dDLC _dPHNSL |
||
| 042 | _alccopycat | ||
| 050 | 0 | 4 |
_aRA409 _b.D867 1995 |
| 082 | 0 | 0 |
_a610/.72 _220 |
| 100 | 1 |
_aDunn, G. _q(Graham), _d1949- |
|
| 245 | 1 | 0 |
_aClinical biostatistics : _ban introduction to evidence-based medicine / _cGraham Dunn and Brian Everitt. |
| 260 |
_aLondon : _bE. Arnold ; _aNew York : _bHalsted Press, _c1995. |
||
| 300 |
_avi, 154 p. : _bill. ; _c24 cm. |
||
| 504 | _aIncludes bibliographical references (p. [145]-150) and index. | ||
| 650 | 0 | _aMedical statistics. | |
| 650 | 0 |
_aEvidence-based medicine _xStatistical methods. |
|
| 650 | 0 |
_aClinical medicine _xStatistical methods. |
|
| 650 | 0 | _aBiometry. | |
| 700 | 1 | _aEveritt, Brian. | |
| 856 | 4 | 2 |
_3Publisher description _uhttp://www.loc.gov/catdir/enhancements/fy0640/95171090-d.html |
| 856 | 4 | 1 |
_3Table of contents only _uhttp://www.loc.gov/catdir/enhancements/fy0640/95171090-t.html |
| 906 |
_a7 _bcbc _ccopycat _d2 _encip _f19 _gy-gencatlg |
||
| 942 |
_2lcc _cBK |
||
| 999 |
_c391 _d391 |
||